Lataa...
Dye lasers
| Aineistotyyppi: | Printed Book |
|---|---|
| Julkaistu: |
London
springer verlag
1973
|
| LEADER | 00418nam a22001217a 4500 | ||
|---|---|---|---|
| 999 | |c 270756 |d 270756 | ||
| 020 | |a 3540515585 | ||
| 082 | |a 621.366 | ||
| 245 | |a Dye lasers |c edited by F.P.Schafer | ||
| 260 | |a London |b springer verlag |c 1973 | ||
| 505 | |a dye lasers--ultrashort pulse dye lasers | ||
| 942 | |c BK | ||
| 952 | |0 0 |1 0 |4 0 |6 621_366000000000000_SCH_D |7 0 |9 287704 |a DOP |b DOP |d 2020-02-11 |l 0 |o 621.366 SCH/D |p DOP47 |r 2020-02-11 |w 2020-02-11 |y BK | ||